Komodity ako forma investovania bakalárska práca

Enregistré dans:
Détails bibliographiques
Auteur principal: Mazúrová, Lenka
Collectivité auteur: Národohospodárska fakulta EU. Katedra bankovníctva a medzinárodných financií
Autres auteurs: Korduliak, Peter
Format: Livre
Langue:slovaque
Publié: Bratislava 2011
Tags: Ajouter un tag
Pas de tags, Soyez le premier à ajouter un tag!

MARC

LEADER 00000nbm a2200000 4500
001 0139712
005 20161109111640.9
041 0 |a slo 
044 |a SK 
245 1 0 |a Komodity ako forma investovania  |b bakalárska práca  |c Lenka Mazúrová ; školiteľ: Peter Korduliak 
264 1 |a Bratislava  |c 2011 
300 |a 63 s. 
100 1 |a Mazúrová, Lenka 
700 1 |a Korduliak, Peter 
710 2 |a Národohospodárska fakulta EU. Katedra bankovníctva a medzinárodných financií